Ratifikácia Zmluvy o Ústave pre Európu Slovenskou republikou
Hlavným cieľom príspevku je poukázať na legislatívne možnosti ratifikácie európskej ústavnej zmluvy na Slovensku. Zmluva o Ústave pre Európu (ďalej Ústavná zmluva) bola slávnostne podpísaná predstaviteľmi jednotlivých členských štátov EÚ 29.10.2004 v Ríme. Alternatívy ratifikácie Ústavnej zmluvy. Sl...
Uložené v:
| Hlavný autor: | |
|---|---|
| Médium: | Kapitola |
| Jazyk: | Slovak |
| Predmet: | |
| Tagy: |
Žiadne tagy, Buďte prvý, kto otaguje tento záznam!
|
MARC
| LEADER | 00000naa$a2200000$$$4500 | ||
|---|---|---|---|
| 001 | 0036222 | ||
| 005 | 20240502071450.7 | ||
| 041 | 0 | |a slo | |
| 044 | |a SK | ||
| 245 | 1 | 0 | |a Ratifikácia Zmluvy o Ústave pre Európu Slovenskou republikou |c Lucia Hurná |
| 520 | |a Hlavným cieľom príspevku je poukázať na legislatívne možnosti ratifikácie európskej ústavnej zmluvy na Slovensku. Zmluva o Ústave pre Európu (ďalej Ústavná zmluva) bola slávnostne podpísaná predstaviteľmi jednotlivých členských štátov EÚ 29.10.2004 v Ríme. Alternatívy ratifikácie Ústavnej zmluvy. Slovensko a referendum. | ||
| 610 | 2 | 0 | |a ústava |
| 610 | 2 | 0 | |a Európska únia |
| 610 | 2 | 0 | |a ratifikácia |
| 610 | 2 | 0 | |a Slovensko |
| 610 | 2 | 0 | |a referendum |
| 100 | 1 | |a Hurná, Lucia, 1978- | |